[Event "Sachsen-Anhalt Landesliga A 18/19"]
[Site "Sachsen Anhalt"]
[Date "2019.03.24"]
[Round "8.3"]
[White "Zech, Andreas"]
[Black "Woelfer, Wiebke"]
[Result "1-0"]
[WhiteElo "2085"]
[BlackElo "1983"]
[PlyCount "89"]
[EventDate "2018.09.23"]
[EventType "team-tourn"]
[EventRounds "9"]
[EventCountry "GER"]
[SourceTitle "EXT 2022"]
[Source "ChessBase"]
[SourceDate "2021.10.06"]
[SourceVersion "1"]
[SourceVersionDate "2021.10.06"]
[SourceQuality "1"]
[WhiteTeam "Tangerhuette Eintracht"]
[BlackTeam "Aschersleben SV Lok"]
[WhiteTeamCountry "GER"]
[BlackTeamCountry "GER"]

1. c4 c5 2. Nc3 Nc6 3. g3 g6 4. Bg2 Bg7 5. d3 d6 6. Rb1 e6 7. Bd2 Nge7 8. e4 0-0 9. Nge2 Ne5 10. Qc2 N7c6 11. a3 f5 12. f4 Ng4 13. h3 Nh6 14. 0-0 Nd4 15. Qd1 Rb8 16. b4 b6 17. Be3 Nxe2+ 18. Nxe2 Bb7 19. Qc2 Qc7 20. Rbc1 Rbd8 21. Rfd1 Rfe8 22. d4 fxe4 23. Bxe4 Nf5 24. Bf2 Bxe4 25. Qxe4 cxd4 26. g4 Ne3 27. Bxe3 dxe3 28. Qxe3 e5 29. Qd3 Qe7 30. Rc2 Qh4 31. Kg2 Rf8 32. Rf1 exf4 33. Rxf4 Be5 34. Rxf8+ Rxf8 35. Nd4 Qf6 36. Nf3 Qf4 37. Nxe5 dxe5 38. c5 e4 39. Qd5+ Kg7 40. Qd4+ Kg8 41. Rf2 Qc1 42. Qd5+ Kg7 43. Qe5+ Kg8 44. Qe6+ Kg7 45. Qe7+ 1-0

[Event "Sachsen-Anhalt Landesliga A 18/19"]
[Site "Sachsen Anhalt"]
[Date "2019.02.03"]
[Round "6.2"]
[White "Domsgen, Bernd"]
[Black "Zech, Andreas"]
[Result "0-1"]
[WhiteElo "1931"]
[BlackElo "2085"]
[PlyCount "120"]
[EventDate "2018.09.23"]
[EventType "team-tourn"]
[EventRounds "9"]
[EventCountry "GER"]
[SourceTitle "EXT 2022"]
[Source "ChessBase"]
[SourceDate "2021.10.06"]
[SourceVersion "1"]
[SourceVersionDate "2021.10.06"]
[SourceQuality "1"]
[WhiteTeam "Burger Schwarz Weiss"]
[BlackTeam "Tangerhuette Eintracht"]
[WhiteTeamCountry "GER"]
[BlackTeamCountry "GER"]

1. e4 c6 2. d4 d5 3. e5 Bf5 4. g4 Bg6 5. h4 h6 6. Bd3 Bxd3 7. Qxd3 Qb6 8. e6 Nf6 9. exf7+ Kxf7 10. h5 Ke8 11. Ne2 Nbd7 12. Nbc3 e5 13. f3 exd4 14. Qxd4 Qxd4 15. Nxd4 Kf7 16. Bf4 Re8+ 17. Kd2 Bb4 18. Rae1 Nb6 19. Rxe8 Rxe8 20. Kd3 Nc4 21. b3 Ne5+ 22. Bxe5 Rxe5 23. Nf5 Nd7 24. a3 Bxa3 25. Nb1 Bc5 26. Nc3 Re6 27. f4 Kf6 28. Nd4 Re8 29. Nce2 Bxd4 30. Nxd4 Nc5+ 31. Kc3 Re3+ 32. Kb4 Ne4 33. g5+ hxg5 34. h6 gxh6 35. Rxh6+ Kf7 36. Nf5 Rf3 37. fxg5 Rxf5 38. Rh7+ Kg6 39. Rxb7 Rf7 40. Rb8 Kxg5 41. Rd8 Rb7+ 42. Ka3 Kf4 43. Rc8 c5 44. Rd8 d4 45. Rh8 Ke3 46. Rh3+ Kd2 47. Rh2+ Kc3 48. Ka2 Nd2 49. Rh5 Rb5 50. b4 Kxb4 51. Kb2 Nc4+ 52. Kb1 Kc3+ 53. Kc1 Ne3 54. Rh3 Rb2 55. Rh5 Rxc2+ 56. Kb1 c4 57. Ra5 Rb2+ 58. Kc1 d3 59. Ra3+ Rb3 60. Ra2 d2+ 0-1

[Event "Sachsen-Anhalt Landesliga A 18/19"]
[Site "Sachsen Anhalt"]
[Date "2018.12.16"]
[Round "5.5"]
[White "Zech, Andreas"]
[Black "Lehmann, Peter"]
[Result "1-0"]
[WhiteElo "2085"]
[BlackElo "2092"]
[PlyCount "43"]
[EventDate "2018.09.23"]
[EventType "team-tourn"]
[EventRounds "9"]
[EventCountry "GER"]
[SourceTitle "EXT 2022"]
[Source "ChessBase"]
[SourceDate "2021.10.06"]
[SourceVersion "1"]
[SourceVersionDate "2021.10.06"]
[SourceQuality "1"]
[WhiteTeam "Tangerhuette Eintracht"]
[BlackTeam "Bernburg Aufbau"]
[WhiteTeamCountry "GER"]
[BlackTeamCountry "GER"]

1. c4 e5 2. Nc3 Nf6 3. Nf3 e4 4. Ng5 b5 5. d3 bxc4 6. Ngxe4 Nxe4 7. dxe4 Bb4 8. Qd5 Nc6 9. Bg5 Bxc3+ 10. bxc3 f6 11. Bf4 Bb7 12. e3 Nb4 13. Qxb7 Nc2+ 14. Kd2 Nxa1 15. Bxc4 g5 16. Bxc7 Qc8 17. Bd5 Ke7 18. Qb4+ Ke8 19. Qd6 Rf8 20. Rxa1 a5 21. Bxa8 Qxa8 22. Rb1 1-0

[Event "GER CupT"]
[Site "Germany"]
[Date "2011.01.22"]
[Round "1.21"]
[White "Zech, Andreas"]
[Black "Friedrich, Wiede"]
[Result "1/2-1/2"]
[WhiteElo "2077"]
[BlackElo "2203"]
[PlyCount "122"]
[EventDate "2011.01.22"]
[EventType "team-k.o."]
[EventRounds "6"]
[EventCountry "GER"]
[SourceTitle "EXT 2016"]
[Source "ChessBase"]
[SourceDate "2015.10.08"]
[SourceVersion "1"]
[SourceVersionDate "2015.10.08"]
[SourceQuality "1"]
[WhiteTeam "Tangerhuette Eintracht"]
[BlackTeam "Potsdam USV"]
[WhiteTeamCountry "GER"]
[BlackTeamCountry "GER"]

1. c4 c6 2. e4 d5 3. cxd5 cxd5 4. exd5 Qxd5 5. Nc3 Qa5 6. d4 Nf6 7. Nf3 e6 8. Bd3 Nc6 9. 0-0 Nb4 10. Re1 Bd7 11. Bg5 Bd6 12. Ne5 Bc6 13. a3 Nxd3 14. Qxd3 Rd8 15. Bxf6 gxf6 16. Nxc6 bxc6 17. Qf3 Qc7 18. Qxf6 Bxh2+ 19. Kh1 Rg8 20. Rxe6+ fxe6 21. Qxe6+ Kf8 22. Qf6+ Qf7 23. Qxd8+ Kg7 24. Qh4 Bc7 25. Re1 Bd8 26. Qg3+ Kh8 27. Qe3 Bg5 28. Qe5+ Bf6 29. Qf4 Qg7 30. g3 Bxd4 31. Re2 Bxc3 32. bxc3 Qxc3 33. Re7 a5 34. Qf5 Rg7 35. Re8+ Rg8 36. Re5 Qc1+ 37. Kg2 Qh6 38. Re7 Ra8 39. Qe5+ Kg8 40. Qe4 Rc8 41. Re6 Qd2 42. Qg4+ Kh8 43. Re2 Qc3 44. Re3 Qd2 45. Re2 Qd5+ 46. Kh2 Qd3 47. a4 c5 48. Qh5 Qd4 49. f4 Rd8 50. Kh3 Qd7+ 51. f5 c4 52. Qg5 Rf8 53. g4 Qd3+ 54. Qe3 Rc8 55. Qxd3 cxd3 56. Rd2 Rd8 57. Kg3 Rd4 58. g5 h6 59. gxh6 Kh7 60. Kf3 Kxh6 61. Ke3 Rxa4 1/2-1/2